Octopus
| Main Author: | |
|---|---|
| Format: | Book |
| Published: |
Butterworth :
Golden Books Distributors ,
2010
|
| Series: | The Authentic Science Series
|
| Subjects: |
MARC
| LEADER | 00000cam a2200000 7i4500 | ||
|---|---|---|---|
| 001 | 0000137887 | ||
| 005 | 20100507.0 | ||
| 020 | |a 9789675314131 | ||
| 090 | 0 | 0 | |a JF |b WON |
| 100 | 1 | |a Wong, Jimmy | |
| 245 | 1 | 0 | |a Octopus |c Jimmy Wong |
| 260 | |a Butterworth : |b Golden Books Distributors , |c 2010 | ||
| 300 | |a 30p. : |b ill. ; |c 21cm. | ||
| 490 | 0 | |a The Authentic Science Series | |
| 650 | 0 | 0 | |a Children's stories |
| 999 | |a 00277721 |b BUKU |c PINJAMAN |e PERPUSTAKAAN KOMUNITI CAW TAMAN MEDAN | ||